00472nam a2200157Ia 4500008004100000020001800041082001600059100002400075245009600099250001200195260002900207300001800236650001500254650002600269700001900295220501s2018 xx 000 0 eng d a9789353061807 a158.3 GLA-C aGladding, Samuel T. 0aCounseling :ba comprehensive profession /cSamuel T. Gladding and adapted by Promila Batra a8th ed. aNoida :bPearson,c2018. axxix, 744 p.; aCounseling aCounseling psychology aBatra, Promila